00922cam a2200265 a 450000100100000000500170001000800410002703500190006804000300008708200180011710000370013524500960017226000440026830000270031249000150033950400320035465000210038665000170040765000290042483000210045391000340047404900090050895201220051799900170063900001322320250129142837.0790517s1974 ag b 000 0 spa  a(DLC) 75553809 aDO-SdBNPcDLCdDLCdBNPHU a333.85bH565r1 aHerrera, Amílcar Oscar.93035014aLos recursos minerales y los límites del crecimiento económico /cAmílcar O. Herrera. aBuenos Aires :bSiglo Veintiuno,c1974. a82 p. :bil. ;c20 cm.1 aEconomía aBibliografía: p. [81]-82. 4aMinerales930351 0aMinas930352 0aRecursos naturales 9512 0aEconomía92914 aCatalogación por copia / LC aBNGR 001052708MOaGRbGRcCTd2009-11-20iLF1l0o333.85 H565rp13223-10r2020-06-25w2020-06-25y2ZPréstamo interno c12855d12855